|
|
|
|
| LEADER |
00000naa2a2200000 4500 |
| 001 |
203623 |
| 005 |
20260127115244.0 |
| 035 |
|
|
|a (RuTPU)RU\TPU\book\221913
|
| 035 |
|
|
|a RU\TPU\book\221904
|
| 090 |
|
|
|a 203623
|
| 100 |
|
|
|a 20111109d2010 k y0rusy50 ca
|
| 101 |
0 |
|
|a rus
|
| 102 |
|
|
|a RU
|
| 135 |
|
|
|a drnn ---uucaa
|
| 181 |
|
0 |
|a i
|
| 182 |
|
0 |
|a b
|
| 200 |
1 |
|
|a Инновационные технологии и международное сотрудничество кафедры экономики природных ресурсов Национального исследовательского Томского политехнического университета
|f В. Б. Романюк
|
| 203 |
|
|
|a Текст
|c электронный
|
| 215 |
|
|
|a 1 файл (61 Кб)
|
| 300 |
|
|
|a Заглавие с экрана.
|
| 337 |
|
|
|a Adobe Reader
|
| 463 |
|
1 |
|0 (RuTPU)RU\TPU\book\221406
|t Природные ресурсы в XXI веке: экономика, управление, инновации
|o сборник трудов Международной научно-практической конференции (Томск, 28-29 октября 2010 г.)
|f Национальный исследовательский Томский политехнический университет (ТПУ), Институт природных ресурсов (ИПР)
|d 2010
|
| 610 |
1 |
|
|a университеты
|
| 610 |
1 |
|
|a технические университеты
|
| 610 |
1 |
|
|a кафедры
|
| 610 |
1 |
|
|a природные ресурсы
|
| 610 |
1 |
|
|a экономика
|
| 610 |
1 |
|
|a инновационные технологии
|
| 610 |
1 |
|
|a международное сотрудничество
|
| 610 |
1 |
|
|a электронный ресурс
|
| 610 |
1 |
|
|a труды учёных ТПУ
|
| 700 |
|
1 |
|a Романюк
|b В. Б.
|c российский учёный в области экономики природных ресурсов
|c старший преподаватель Томского политехнического университета
|f 1964-
|g Вера Борисовна
|3 (RuTPU)RU\TPU\pers\26223
|
| 801 |
|
1 |
|a RU
|b 63413507
|c 20111107
|
| 801 |
|
2 |
|a RU
|b 63413507
|c 20111109
|g RCR
|
| 856 |
4 |
|
|u http://www.lib.tpu.ru/fulltext/v/Conferences/2010/K01/p35.pdf
|
| 942 |
|
|
|c CF
|